| 000 | 00000nam##2200000za#4500 |
| 001 | 9.615128 |
| 003 | CaOODSP |
| 005 | 20210615101015 |
| 007 | ta |
| 008 | 150406|2000||||xxc||||| f|0| 0 eng|d |
| 020 | |a0-662-28730-4 |
| 040 | |aCaOODSP|beng |
| 043 | |an-cn--- |
| 086 | 1 |aA22-202/2000E |
| 110 | 1 |aCanada. |bAgriculture and Agri-Food Canada. |
| 245 | 10|aEffects of agri-food exports on farm income |
| 260 | |aOttawa - Ontario : |bAgriculture and Agri-Food Canada |c2000. |
| 300 | |avii, 19p. : |bgraphs, references, tables ; |c28 cm. |
| 490 | 1 |aTrade research series |
| 500 | |a"This report provides a quantitative study of the relationship between agri-food exports and farm income. Results from this report have been previously presented in a backgrounder for an August 1999 News Release concerning Canada's initial position for WTO agriculture negotiations, and in an article in the 1999 2nd Quarter issue of Quarterly Trade Highlights."--Preface. |
| 520 | 3 |aThis report provides a quantitative study of the relationship between agri-food exports and farm income. Results from this report have been previously presented in a backgrounder for an August 1999 News Release concerning Canada's initial position for WTO agriculture negotiations, and in an article in the 1999 2nd Quarter issue of Quarterly Trade Highlights.--Preface |
| 563 | |aSpiral binding |
| 590 | |a00-19|b2000-05-12 |
| 690 | 07|aExports|2gcpds |
| 690 | 07|aFarming|2gcpds |
| 690 | 07|aIncome|2gcpds |
| 690 | 07|aAgri-food industry|2gcpds |
| 775 | 08|tEffets des exportations alimentaires sur le revenu agricole |w(CaOODSP)9.625272 |
| 776 | 0#|tEffects of agri-food exports on farm income / |w(CaOODSP)9.567614 |
| 830 | #0|aTrade research series.|w(CaOODSP)9.514401 |